Using pine timber
| Main Author: | |
|---|---|
| Format: | Book |
| Published: |
Australia :
Wood Utilisation Research Centre ,
1988
|
| Series: | Report no. 7
|
| Subjects: |
MARC
| LEADER | 00000cam a2200000 7i4500 | ||
|---|---|---|---|
| 001 | 0000002893 | ||
| 005 | 20040311.0 | ||
| 090 | 0 | 0 | |a 634.9751 |b SIE 1988 |
| 100 | 1 | 0 | |a SIEMON |h G. R. |
| 245 | 1 | 0 | |a Using pine timber |c by G. R. Siemon |
| 260 | 0 | 0 | |a Australia : |b Wood Utilisation Research Centre , |c 1988 |
| 300 | |a 14 p. ; |c 30 cm. | ||
| 440 | 0 | 0 | |a Report no. 7 |
| 650 | 0 | 0 | |a Pinus radiata |
| 998 | |a JPSM | ||
| 999 | |a 0000003165 |b Monograph |c Open Shelf |e Default branch | ||